Normal view
MARC view
- Sudell, Richard .
Entry Personal Name
001 - CONTROL NUMBER
- control field: 1529
003 - CONTROL NUMBER IDENTIFIER
- control field: OSt
005 - DATE AND TIME OF LATEST TRANSACTION
- control field: 20160926115720.0
008 - FIXED-LENGTH DATA ELEMENTS
- fixed length control field: 160926|| aca||aabn | a|a d
040 ## - CATALOGING SOURCE
- Original cataloging agency: OSt
- Transcribing agency: OSt
100 ## - HEADING--PERSONAL NAME
- Personal name: Sudell, Richard .
670 ## - SOURCE DATA FOUND
- Source citation: Work cat.: (OSt)8977: Sudell, Richard ., New and Illustrated Gardening Encyclopaedia / , 1955.
